ROAD DESIGN STANDARD; សិក្សាគំរោងថ្នល់បទដ្ឋាន (Record no. 9238)

000 -LEADER
fixed length control field 00271nam a22001097a 4500
040 ## - CATALOGING SOURCE
Transcribing agency SK
082 ## - DEWEY DECIMAL CLASSIFICATION NUMBER
Classification number 813
100 ## - MAIN ENTRY--AUTHOR NAME
Personal name BLANK
245 ## - TITLE STATEMENT
Title ROAD DESIGN STANDARD; សិក្សាគំរោងថ្នល់បទដ្ឋាន
260 ## - PUBLICATION, DISTRIBUTION, ETC. (IMPRINT)
Place of publication NA
Name of publisher BLA
Year of publication 1999
942 ## - ADDED ENTRY ELEMENTS (KOHA)
Koha item type សៀវភៅភាសាអង់គ្លេស

No items available.

មជ្ឈមណ្ឌលឯការនៃសាកលវិទ្យាល័យភូមិន្ទកសិកម្មចំការដូង

Powered by Koha